Trench - Twenty One Pilots Tracklist - Statistics

General Stats
  • This quiz has been taken 15 times
  • The average score is 12 of 14
Answer Stats
Track # Track Name % Correct
1 Jumpsuit
100%
2 Levitate
91%
11 Bandito
82%
5 Chlorine
82%
10 Cut My Lip
82%
14 Leave the City
82%
13 Legend
82%
3 Morph
82%
4 My Blood
82%
9 Nico and the Niners
82%
12 Pet Cheetah
82%
6 Smithereens
82%
8 The Hype
82%
7 Neon Gravestones
73%
No matching quizzes found
Score Distribution
Percent of People with Each Score
Percentile by Number Answered
Your Score History
You have not taken this quiz